<?xml version="1.0" encoding="UTF-8"?>
<record
    xmlns:xsi="http://www.w3.org/2001/XMLSchema-instance"
    xsi:schemaLocation="http://www.loc.gov/MARC21/slim http://www.loc.gov/standards/marcxml/schema/MARC21slim.xsd"
    xmlns="http://www.loc.gov/MARC21/slim">

  <leader>00449    a2200109   4500</leader>
  <controlfield tag="001">ART_52612</controlfield>
  <controlfield tag="005">20260410161946.0</controlfield>
  <controlfield tag="008">260409a                                 </controlfield>
  <datafield tag="245" ind1="1" ind2="0">
    <subfield code="a">El dilema de la opci&#xF3;n con renuncia del art&#xED;culo 4 de la ley 26773 frente a otros sistemas de reparaci&#xF3;n y sancionatorios fundados en la ley de defensa del consumidor</subfield>
  </datafield>
  <datafield tag="100" ind1="1" ind2=" ">
    <subfield code="a">Favier, Daniela</subfield>
  </datafield>
  <datafield tag="773" ind1="0" ind2=" ">
    <subfield code="t">Temas de derecho laboral</subfield>
    <subfield code="g">- N&#xB0; 6 (jun. 2021)</subfield>
    <subfield code="w">REV27619</subfield>
  </datafield>
  <datafield tag="999" ind1=" " ind2=" ">
    <subfield code="c">29939</subfield>
    <subfield code="d">29939</subfield>
  </datafield>
</record>
